|
|
|
|
| LEADER |
00000nam0a2200000 4500 |
| 001 |
324888 |
| 005 |
20231102003717.0 |
| 035 |
|
|
|a (RuTPU)RU\TPU\book\350499
|
| 090 |
|
|
|a 324888
|
| 100 |
|
|
|a 20161123d1970 m y0rusy50 ca
|
| 101 |
0 |
|
|a rus
|
| 102 |
|
|
|a RU
|
| 105 |
|
|
|a y z 000zb
|
| 200 |
1 |
|
|a Разработка В. И. Лениным принципов взаимоотношений между коммунистическими партиями
|f А. Г. Колосков
|
| 210 |
|
|
|a Москва
|c Мысль
|d 1970
|
| 215 |
|
|
|a 150 с.
|
| 600 |
|
1 |
|a Ленин
|b В. И.
|c настоящая фамилия Ульянов
|c российский политический деятель
|f 1870-1924
|g Владимир Ильич
|2 stltpush
|3 (RuTPU)RU\TPU\pers\1074
|9 486
|
| 606 |
1 |
|
|a КПСС
|x Интернациональная деятельность
|2 stltpush
|3 (RuTPU)RU\TPU\subj\14898
|9 41218
|
| 610 |
1 |
|
|a ленинская концепция
|
| 610 |
1 |
|
|a ленинские принципы
|
| 610 |
1 |
|
|a международные отношения
|
| 610 |
1 |
|
|a взаимоотношения
|
| 610 |
1 |
|
|a КПСС
|
| 610 |
1 |
|
|a коммунистические партии
|
| 610 |
1 |
|
|a зарубежные страны
|
| 610 |
1 |
|
|a рабочие партии
|
| 610 |
1 |
|
|a Коммунистический интернационал
|
| 610 |
1 |
|
|a международное коммунистическое движение
|
| 610 |
1 |
|
|a история
|
| 610 |
1 |
|
|a 20 век
|
| 686 |
|
|
|a Ф61(2)7
|v LBC/SL-A
|2 rubbk
|
| 700 |
|
1 |
|a Колосков
|b А. Г.
|g Анатолий Глебович
|
| 801 |
|
1 |
|a RU
|b 63413507
|c 20161123
|
| 801 |
|
2 |
|a RU
|b 63413507
|c 20161124
|g RCR
|
| 942 |
|
|
|c BK
|